| 000 | 01240nam a22002657a 4500 | ||
|---|---|---|---|
| 005 | 20081003124743.0 | ||
| 008 | 081003t xxu||||| |||| 00| 0 hin d | ||
| 010 | _aHIN-84268 | ||
| 020 | _c100.00 | ||
| 035 | _aHN-56614 | ||
| 037 | _bDBAD /PUB | ||
| 040 |
_aDPL _bHN |
||
| 082 | _a181.432 | ||
| 100 | _aसदा शिव योगी | ||
| 245 |
_aशिर ही ब्रह्मांड जग ही पिंडांड / _cसदा शिव योगी; के. हैमा द्वारा अनुदित |
||
| 246 |
_aShira hii brahamaanda _bby Sada Shiv Yogi; translated by K. Haima |
||
| 260 |
_aविशाखापतनम _bश्री शिवानंद योगाश्रम |
||
| 270 |
_a11-78, टी.वी.टावर कालोनी _k 0891 2715302 |
||
| 300 |
_a260पृ _b22सेमी (अजिल्द) _cसचित्र |
||
| 650 | _aयोग | ||
| 650 | _aYoga | ||
| 700 | _aहैमा, के. | ||
| 942 |
_2ddc _cHN _mसदाशि _h181.432 |
||
| 999 |
_c16176 _d16176 |
||